000 00363 a2200169 4500
001 188846
020 _a978-85-08-09247-5
040 _cMagnum
100 _aBelinky, Tatiana
240 1 0 _aOnde já se viu?
_lpor
245 1 0 _aOnde já se viu?
300 _a119
362 0 _a2010
440 1 _aÁtica
697 _aLITERATURA INFANTO-JUVENIL
942 _cBK
999 _c188846
_d188846